| 000 | 00886cam a22002413a 4500 | ||
|---|---|---|---|
| 001 | 15972 | ||
| 003 | PGUSA | ||
| 005 | 20140828083336.0 | ||
| 008 | 050603s2005||||xxu|||||s|||||000 | eng d | ||
| 040 |
_aPGUSA _beng |
||
| 042 | _adc | ||
| 050 | 4 | _aDT | |
| 100 | 1 | _aJacson, Mainwaring George | |
| 245 | 1 | 4 |
_aThe Record of a Regiment of the Line : _bBeing a Regimental History of the 1st Battalion Devonshire Regiment during the Boer War 1899-1902 _h[electronic resource] / _cMainwaring George Jacson |
| 260 |
_bProject Gutenberg, _c2005 |
||
| 506 | _aPublic domain in the USA. | ||
| 516 | _aElectronic text | ||
| 653 | _aSouth African War, 1899-1902 -- Regimental histories -- Great Britain | ||
| 653 | _aGreat Britain. Army -- Infantry. Devonsire Regiment (1st Battalion) | ||
| 830 | 0 |
_aProject Gutenberg _v15972 |
|
| 856 | 4 | 0 | _uhttp://www.gutenberg.org/ebooks/15972 |
| 942 | _cEB | ||
| 999 |
_c245227 _d245227 |
||